Top 5 Songs On Famous? (Jme) - Statistics

General Stats
  • This quiz has been taken 5 times
  • The average score is 3 of 5
Answer Stats
Hint Answer % Correct
7,128,163 P
100%
7,661,255 Serious
80%
839,798 AWOH
40%
1,048,738 Punch In The Face
40%
631,555 Standard
40%
No matching quizzes found
Score Distribution
Percent of People with Each Score
Percentile by Number Answered
Your Score History
You have not taken this quiz